[Event "Deutsche Ländermeisterschaft 2014"]
[Site "Hannover GER"]
[Date "2014.10.07"]
[Round "7"]
[White "Düssler, Stefanie"]
[Black "Schmidek, Emil"]
[Result "1-0"]
[Termination "normal"]
[Board "3.3"]
[WhiteElo "2063"]
[BlackElo "2108"]
[WhiteClock "00:18:00"]
[BlackClock "00:01:23"]
[WhiteTeam "Niedersachsen 1"]
[BlackTeam "Berlin"]
[PlyCount "161"]
[WhiteFideId "4634780"]
[BlackFideId "12908150"]
[EventCountry "GER"]
[EventRounds "7"]
[EventType "team-swiss"]
[EventDate "2014.10.02"]

1. e4 {[%clk 1:30:59]} e5 {[%clk 1:30:55]} 2. Nf3 {[%clk 1:31:25]} Nc6 {[%clk
1:31:19]} 3. Bb5 {[%clk 1:31:52]} a6 {[%clk 1:31:45]} 4. Ba4 {[%clk 1:32:19]}
b5 {[%clk 1:32:06]} 5. Bb3 {[%clk 1:32:46]} Nf6 {[%clk 1:32:32]} 6. O-O {[%clk
1:33:03]} Be7 {[%clk 1:32:47]} 7. Re1 {[%clk 1:33:30]} d6 {[%clk 1:33:10]} 8.
c3 {[%clk 1:33:53]} O-O {[%clk 1:33:34]} 9. h3 {[%clk 1:34:21]} Na5 {[%clk
1:33:59]} 10. Bc2 {[%clk 1:34:38]} c5 {[%clk 1:34:23]} 11. d4 {[%clk 1:35:01]}
Qc7 {[%clk 1:34:40]} 12. Nbd2 {[%clk 1:35:02]} cxd4 {[%clk 1:34:52]} 13. cxd4
{[%clk 1:35:26]} Nc6 {[%clk 1:35:13]} 14. Nb3 {[%clk 1:34:41]} a5 {[%clk
1:35:29]} 15. Be3 {[%clk 1:30:57]} a4 {[%clk 1:35:39]} 16. Nbd2 {[%clk
1:30:53]} Bd7 {[%clk 1:34:33]} 17. Rc1 {[%clk 1:29:30]} Qb7 {[%clk 1:33:37]}
18. Qe2 {[%clk 1:20:30]} Bd8 {[%clk 0:58:25]} 19. dxe5 {[%clk 1:05:43]} dxe5
{[%clk 0:58:34]} 20. Bd3 {[%clk 1:04:33]} b4 {[%clk 0:53:23]} 21. Bc5 {[%clk
0:54:20]} Re8 {[%clk 0:52:13]} 22. Nc4 {[%clk 0:53:45]} Bc7 {[%clk 0:50:05]}
23. Nd6 {[%clk 0:53:06]} Bxd6 {[%clk 0:50:13]} 24. Bxd6 {[%clk 0:53:34]} Re6
{[%clk 0:31:10]} 25. Bc5 {[%clk 0:53:55]} Ra5 {[%clk 0:29:37]} 26. Ng5 {[%clk
0:49:35]} Re8 {[%clk 0:27:17]} 27. Bc4 {[%clk 0:46:55]} Nd8 {[%clk 0:21:23]}
28. Qe3 {[%clk 0:46:48]} Ne6 {[%clk 0:12:48]} 29. Nxe6 {[%clk 0:43:14]} Bxe6
{[%clk 0:12:38]} 30. Bxe6 {[%clk 0:43:19]} Rxe6 {[%clk 0:12:27]} 31. Rc4 {[%clk
0:42:46]} Rb5 {[%clk 0:06:34]} 32. Qd2 {[%clk 0:35:17]} b3 {[%clk 0:05:34]} 33.
a3 {[%clk 0:35:17]} h6 {[%clk 0:05:22]} 34. Bb4 {[%clk 0:32:55]} Rc6 {[%clk
0:03:43]} 35. Qd3 {[%clk 0:31:55]} Rbb6 {[%clk 0:02:09]} 36. Bc3 {[%clk
0:29:52]} Rd6 {[%clk 0:00:38]} 37. Qe3 {[%clk 0:29:49]} Qa6 {[%clk 0:00:50]}
38. Rc5 {[%clk 0:27:36]} Nd7 {[%clk 0:00:51]} 39. Ra5 {[%clk 0:27:06]} Qd3
{[%clk 0:00:40]} 40. Rxa4 {[%clk 0:26:42]} Rb5 {[%clk 0:00:32]} 41. Rb4 {[%clk
0:25:25]} Rxb4 {[%clk 0:29:13]} 42. Bxb4 {[%clk 0:54:50]} Rd4 {[%clk 0:25:52]}
43. Qxd3 {[%clk 0:48:01]} Rxd3 {[%clk 0:26:21]} 44. Kf1 {[%clk 0:47:51]} Nb6
{[%clk 0:24:59]} 45. Bc3 {[%clk 0:46:16]} Nc4 {[%clk 0:23:07]} 46. Rc1 {[%clk
0:43:49]} Rd7 {[%clk 0:16:33]} 47. a4 {[%clk 0:38:17]} Nd2+ {[%clk 0:12:09]}
48. Kg1 {[%clk 0:34:29]} Nxe4 {[%clk 0:09:44]} 49. Bxe5 {[%clk 0:34:20]} f6
{[%clk 0:02:22]} 50. Bf4 {[%clk 0:34:29]} Rd4 {[%clk 0:01:55]} 51. a5 {[%clk
0:32:01]} Ra4 {[%clk 0:01:43]} 52. f3 {[%clk 0:31:40]} g5 {[%clk 0:01:14]} 53.
Be3 {[%clk 0:31:10]} Nd6 {[%clk 0:01:17]} 54. Rc3 {[%clk 0:30:53]} Rxa5 {[%clk
0:01:07]} 55. Rxb3 {[%clk 0:31:21]} Rd5 {[%clk 0:01:02]} 56. Rb8+ {[%clk
0:28:23]} Kf7 {[%clk 0:01:12]} 57. Kf2 {[%clk 0:27:41]} Ke6 {[%clk 0:01:01]}
58. b4 {[%clk 0:26:54]} Nb5 {[%clk 0:00:36]} 59. Rb6+ {[%clk 0:25:59]} Kf5
{[%clk 0:00:36]} 60. Bc5 {[%clk 0:25:41]} Nc7 {[%clk 0:00:36]} 61. Be7 {[%clk
0:25:02]} Ne6 {[%clk 0:00:36]} 62. Rd6 {[%clk 0:24:03]} Rb5 {[%clk 0:00:35]}
63. Ra6 {[%clk 0:23:40]} Ke5 {[%clk 0:00:38]} 64. Ke3 {[%clk 0:23:05]} f5
{[%clk 0:00:44]} 65. Ra5 {[%clk 0:22:58]} Nc7 {[%clk 0:00:35]} 66. Kd3 {[%clk
0:21:07]} Kd5 {[%clk 0:00:50]} 67. g4 {[%clk 0:18:44]} fxg4 {[%clk 0:00:47]}
68. fxg4 {[%clk 0:18:40]} Rxa5 {[%clk 0:00:40]} 69. bxa5 {[%clk 0:19:01]} Ne6
{[%clk 0:00:48]} 70. Ke3 {[%clk 0:18:13]} Kc6 {[%clk 0:00:59]} 71. Ke4 {[%clk
0:16:47]} Nf4 {[%clk 0:01:16]} 72. h4 {[%clk 0:16:47]} Ng6 {[%clk 0:00:33]} 73.
hxg5 {[%clk 0:17:10]} hxg5 {[%clk 0:00:44]} 74. Bxg5 {[%clk 0:17:38]} Nf8
{[%clk 0:00:47]} 75. Be3 {[%clk 0:17:49]} Nh7 {[%clk 0:00:40]} 76. Kf5 {[%clk
0:18:03]} Nf8 {[%clk 0:00:49]} 77. a6 {[%clk 0:17:57]} Kc7 {[%clk 0:01:03]} 78.
Kf6 {[%clk 0:17:44]} Nd7+ {[%clk 0:01:17]} 79. Ke6 {[%clk 0:18:12]} Nf8+ {[%clk
0:01:22]} 80. Kf7 {[%clk 0:18:18]} Nd7 {[%clk 0:01:23]} 81. Bd4 {[%clk
0:18:00]} 1-0

[Event "Deutsche Ländermeisterschaft 2014"]
[Site "Hannover GER"]
[Date "2014.10.07"]
[Round "7"]
[White "Greßmann, Moritz"]
[Black "Sieber, Fiona"]
[Result "1/2-1/2"]
[Termination "normal"]
[Board "3.4"]
[WhiteElo "1977"]
[BlackElo "1942"]
[WhiteClock "00:08:34"]
[BlackClock "00:09:43"]
[WhiteTeam "Berlin"]
[BlackTeam "Niedersachsen 1"]
[PlyCount "116"]
[WhiteFideId "24695084"]
[BlackFideId "12902373"]
[EventCountry "GER"]
[EventRounds "7"]
[EventType "team-swiss"]
[EventDate "2014.10.02"]

1. e4 {[%clk 1:30:59]} c5 {[%clk 1:30:56]} 2. Nf3 {[%clk 1:31:24]} d6 {[%clk
1:31:20]} 3. Bb5+ {[%clk 1:31:49]} Nd7 {[%clk 1:31:44]} 4. O-O {[%clk 1:32:00]}
Ngf6 {[%clk 1:31:16]} 5. Re1 {[%clk 1:32:16]} e5 {[%clk 1:25:59]} 6. c3 {[%clk
1:30:58]} a6 {[%clk 1:14:20]} 7. Bxd7+ {[%clk 1:29:57]} Bxd7 {[%clk 1:14:13]}
8. d4 {[%clk 1:30:03]} Qc7 {[%clk 1:14:07]} 9. Bg5 {[%clk 1:25:22]} Be7 {[%clk
1:13:44]} 10. Nbd2 {[%clk 1:25:17]} b5 {[%clk 1:01:07]} 11. Nf1 {[%clk
1:24:24]} O-O {[%clk 0:58:42]} 12. Ne3 {[%clk 1:18:56]} Be6 {[%clk 0:54:40]}
13. Nf5 {[%clk 1:12:10]} Bxf5 {[%clk 0:51:55]} 14. exf5 {[%clk 1:12:33]} exd4
{[%clk 0:50:37]} 15. cxd4 {[%clk 1:12:25]} Rfe8 {[%clk 0:48:05]} 16. Rc1 {[%clk
1:07:18]} Ng4 {[%clk 0:35:52]} 17. Bf4 {[%clk 0:58:56]} Qa7 {[%clk 0:32:20]}
18. dxc5 {[%clk 0:53:33]} dxc5 {[%clk 0:32:34]} 19. Ne5 {[%clk 0:52:22]} Nxe5
{[%clk 0:31:42]} 20. Bxe5 {[%clk 0:52:18]} Rad8 {[%clk 0:29:21]} 21. Qf3 {[%clk
0:45:20]} f6 {[%clk 0:20:44]} 22. Bf4 {[%clk 0:44:24]} c4 {[%clk 0:18:31]} 23.
Qc6 {[%clk 0:32:48]} Kf8 {[%clk 0:15:18]} 24. Rcd1 {[%clk 0:24:00]} Rxd1 {[%clk
0:14:18]} 25. Rxd1 {[%clk 0:22:19]} Bc5 {[%clk 0:14:46]} 26. Kf1 {[%clk
0:19:26]} Qe7 {[%clk 0:13:44]} 27. Qxc5 {[%clk 0:19:45]} Qxc5 {[%clk 0:13:56]}
28. Bd6+ {[%clk 0:20:12]} Qxd6 {[%clk 0:14:16]} 29. Rxd6 {[%clk 0:20:35]} a5
{[%clk 0:08:46]} 30. f4 {[%clk 0:15:40]} Rb8 {[%clk 0:05:35]} 31. Rc6 {[%clk
0:14:38]} Rb7 {[%clk 0:05:30]} 32. Ke2 {[%clk 0:12:50]} Ke7 {[%clk 0:05:51]}
33. Ke3 {[%clk 0:10:22]} Kd7 {[%clk 0:03:14]} 34. Rc5 {[%clk 0:10:39]} Kd6
{[%clk 0:03:16]} 35. Kd4 {[%clk 0:10:45]} a4 {[%clk 0:03:34]} 36. a3 {[%clk
0:08:08]} Rb8 {[%clk 0:03:45]} 37. g4 {[%clk 0:08:22]} h6 {[%clk 0:03:55]} 38.
h4 {[%clk 0:08:39]} Rb7 {[%clk 0:03:33]} 39. Rc8 {[%clk 0:05:51]} Rd7 {[%clk
0:02:07]} 40. Rc5 {[%clk 0:05:11]} Rb7 {[%clk 0:02:33]} 41. g5 {[%clk 0:03:16]}
Rb8 {[%clk 0:17:40]} 42. gxh6 {[%clk 0:27:07]} gxh6 {[%clk 0:18:08]} 43. h5
{[%clk 0:27:30]} Kd7 {[%clk 0:18:17]} 44. Kc3 {[%clk 0:26:03]} Re8 {[%clk
0:15:48]} 45. Rxb5 {[%clk 0:25:30]} Kc6 {[%clk 0:15:05]} 46. Ra5 {[%clk
0:23:01]} Re4 {[%clk 0:14:25]} 47. Ra6+ {[%clk 0:21:03]} Kd5 {[%clk 0:13:48]}
48. Rxf6 {[%clk 0:21:05]} Rxf4 {[%clk 0:14:13]} 49. Rxh6 {[%clk 0:15:15]} Rxf5
{[%clk 0:14:29]} 50. Rb6 {[%clk 0:09:56]} Kc5 {[%clk 0:13:24]} 51. Rb4 {[%clk
0:09:08]} Rxh5 {[%clk 0:12:33]} 52. Rxa4 {[%clk 0:07:32]} Rh3+ {[%clk 0:12:55]}
53. Kc2 {[%clk 0:07:50]} Rh2+ {[%clk 0:12:31]} 54. Kb1 {[%clk 0:08:08]} Rh1+
{[%clk 0:11:20]} 55. Ka2 {[%clk 0:08:30]} Rh2 {[%clk 0:10:22]} 56. Kb1 {[%clk
0:08:03]} Rh1+ {[%clk 0:09:19]} 57. Ka2 {[%clk 0:08:16]} Rh2 {[%clk 0:09:43]}
58. Kb1 {[%clk 0:08:34]} Kd5 1/2-1/2

[Event "Deutsche Ländermeisterschaft 2014"]
[Site "Hannover GER"]
[Date "2014.10.07"]
[Round "7"]
[White "Ewert, Hannes"]
[Black "Denkert, Anna"]
[Result "1/2-1/2"]
[Termination "normal"]
[Board "3.5"]
[WhiteElo "1931"]
[BlackElo "1712"]
[WhiteClock "00:25:29"]
[BlackClock "00:56:42"]
[WhiteTeam "Niedersachsen 1"]
[BlackTeam "Berlin"]
[PlyCount "103"]
[WhiteFideId "12961574"]
[BlackFideId "12938122"]
[EventCountry "GER"]
[EventRounds "7"]
[EventType "team-swiss"]
[EventDate "2014.10.02"]

1. e4 {[%clk 1:30:57]} c6 {[%clk 1:30:55]} 2. d4 {[%clk 1:31:03]} d5 {[%clk
1:31:19]} 3. e5 {[%clk 1:31:27]} Bf5 {[%clk 1:31:44]} 4. h4 {[%clk 1:31:16]} h5
{[%clk 1:31:40]} 5. c4 {[%clk 1:31:25]} e6 {[%clk 1:30:03]} 6. Nc3 {[%clk
1:30:27]} Ne7 {[%clk 1:28:35]} 7. Bg5 {[%clk 1:28:56]} dxc4 {[%clk 1:24:45]} 8.
Bxc4 {[%clk 1:27:53]} Qb6 {[%clk 1:24:49]} 9. Bb3 {[%clk 1:22:22]} Nd5 {[%clk
1:24:10]} 10. Nge2 {[%clk 1:18:37]} Nd7 {[%clk 1:21:23]} 11. Nxd5 {[%clk
1:13:16]} exd5 {[%clk 1:19:15]} 12. O-O {[%clk 1:05:40]} f6 {[%clk 1:11:29]}
13. exf6 {[%clk 0:54:59]} gxf6 {[%clk 1:11:37]} 14. Bf4 {[%clk 0:51:06]} Bg4
{[%clk 1:07:42]} 15. f3 {[%clk 0:46:27]} Be6 {[%clk 1:06:51]} 16. Nc3 {[%clk
0:40:28]} O-O-O {[%clk 1:05:15]} 17. Rc1 {[%clk 0:40:24]} Nb8 {[%clk 0:57:45]}
18. Re1 {[%clk 0:36:31]} Bf7 {[%clk 0:57:16]} 19. Qd3 {[%clk 0:34:32]} Rg8
{[%clk 0:48:58]} 20. Na4 {[%clk 0:25:30]} Qa5 {[%clk 0:47:18]} 21. Qf5+ {[%clk
0:16:24]} Nd7 {[%clk 0:47:11]} 22. Nc3 {[%clk 0:15:42]} Qb4 {[%clk 0:44:28]}
23. Red1 {[%clk 0:10:30]} Bd6 {[%clk 0:41:01]} 24. Bxd5 {[%clk 0:07:25]} Bxf4
{[%clk 0:40:16]} 25. Qxf4 {[%clk 0:07:27]} Qxb2 {[%clk 0:39:25]} 26. g3 {[%clk
0:07:57]} Bxd5 {[%clk 0:38:14]} 27. Nxd5 {[%clk 0:08:18]} Ne5 {[%clk 0:35:52]}
28. dxe5 {[%clk 0:07:38]} fxe5 {[%clk 0:35:50]} 29. Qf5+ {[%clk 0:06:53]} Kb8
{[%clk 0:36:11]} 30. Rc2 {[%clk 0:07:00]} Qa3 {[%clk 0:32:03]} 31. Qxe5+ {[%clk
0:06:39]} Qd6 {[%clk 0:32:20]} 32. Qxd6+ {[%clk 0:06:44]} Rxd6 {[%clk 0:32:44]}
33. Ne3 {[%clk 0:07:03]} Rxd1+ {[%clk 0:32:48]} 34. Nxd1 {[%clk 0:07:30]} Rxg3+
{[%clk 0:33:10]} 35. Rg2 {[%clk 0:06:16]} Rxf3 {[%clk 0:32:21]} 36. Kh2 {[%clk
0:05:59]} Ra3 {[%clk 0:32:14]} 37. Rb2 {[%clk 0:05:56]} b5 {[%clk 0:30:05]} 38.
Nf2 {[%clk 0:05:55]} a5 {[%clk 0:30:04]} 39. Ne4 {[%clk 0:04:58]} Ra4 {[%clk
0:30:00]} 40. Re2 {[%clk 0:05:19]} c5 {[%clk 0:29:11]} 41. Kg3 {[%clk 0:05:07]}
c4 {[%clk 0:29:03]} 42. Nf6 {[%clk 0:02:14]} b4 {[%clk 0:28:44]} 43. Ne4 {[%clk
0:30:15]} b3 {[%clk 0:57:40]} 44. axb3 {[%clk 0:25:54]} cxb3 {[%clk 0:57:55]}
45. Nc5 {[%clk 0:25:38]} Ra3 {[%clk 0:56:00]} 46. Rb2 {[%clk 0:25:09]} a4
{[%clk 0:56:03]} 47. Nxa4 {[%clk 0:24:56]} Rxa4 {[%clk 0:56:25]} 48. Rxb3+
{[%clk 0:25:25]} Kc7 {[%clk 0:56:42]} 49. Rb5 {[%clk 0:25:49]} Kd6 {[%clk
0:56:20]} 50. Rxh5 {[%clk 0:26:01]} Ke6 {[%clk 0:56:33]} 51. Rh8 {[%clk
0:26:07]} Kf6 {[%clk 0:56:42]} 52. Rb8 {[%clk 0:25:29]} 1/2-1/2

[Event "Deutsche Ländermeisterschaft 2014"]
[Site "Hannover GER"]
[Date "2014.10.07"]
[Round "7"]
[White "Greßmann, Hanna"]
[Black "Bruns, Kai-Christian"]
[Result "0-1"]
[Termination "normal"]
[Board "3.6"]
[WhiteElo "1565"]
[BlackElo "1878"]
[WhiteClock "00:19:06"]
[BlackClock "00:33:04"]
[WhiteTeam "Berlin"]
[BlackTeam "Niedersachsen 1"]
[PlyCount "56"]
[WhiteFideId "12930709"]
[BlackFideId "12938025"]
[EventCountry "GER"]
[EventRounds "7"]
[EventType "team-swiss"]
[EventDate "2014.10.02"]

1. e4 {[%clk 1:30:58]} e5 {[%clk 1:30:55]} 2. Nf3 {[%clk 1:31:20]} Nf6 {[%clk
1:31:21]} 3. Bc4 {[%clk 1:31:37]} Nxe4 {[%clk 1:30:45]} 4. Nc3 {[%clk 1:32:00]}
Nc6 {[%clk 1:30:55]} 5. Bxf7+ {[%clk 1:29:18]} Kxf7 {[%clk 1:31:17]} 6. Nxe4
{[%clk 1:29:42]} d5 {[%clk 1:31:31]} 7. Neg5+ {[%clk 1:25:12]} Kg8 {[%clk
1:31:44]} 8. d4 {[%clk 1:22:20]} h6 {[%clk 1:08:34]} 9. Nh3 {[%clk 1:21:35]}
Bxh3 {[%clk 1:08:26]} 10. gxh3 {[%clk 1:21:54]} exd4 {[%clk 1:08:33]} 11. Nxd4
{[%clk 1:13:59]} Nxd4 {[%clk 1:07:29]} 12. Qxd4 {[%clk 1:13:01]} c5 {[%clk
1:06:46]} 13. Qg4 {[%clk 1:08:47]} Qe8+ {[%clk 1:03:34]} 14. Kf1 {[%clk
1:07:46]} g6 {[%clk 0:57:08]} 15. Rg1 {[%clk 1:05:36]} Kh7 {[%clk 0:56:38]} 16.
h4 {[%clk 0:58:30]} h5 {[%clk 0:56:28]} 17. Qg5 {[%clk 0:58:07]} Qf7 {[%clk
0:54:36]} 18. Bf4 {[%clk 0:53:52]} Bg7 {[%clk 0:51:47]} 19. Rd1 {[%clk
0:49:50]} d4 {[%clk 0:47:10]} 20. Rd3 {[%clk 0:48:47]} Rae8 {[%clk 0:45:37]}
21. Rdg3 {[%clk 0:37:59]} Re6 {[%clk 0:43:06]} 22. Rf3 {[%clk 0:35:07]} b6
{[%clk 0:40:29]} 23. Rgg3 {[%clk 0:29:19]} Rf6 {[%clk 0:38:46]} 24. Qe5 {[%clk
0:23:50]} Re8 {[%clk 0:32:42]} 25. Qc7 {[%clk 0:23:31]} Rf8 {[%clk 0:32:56]}
26. Qxf7 {[%clk 0:21:10]} R8xf7 {[%clk 0:32:48]} 27. Kg2 {[%clk 0:18:42]} Rxf4
{[%clk 0:32:40]} 28. Rxf4 {[%clk 0:19:06]} Rxf4 {[%clk 0:33:04]} 0-1

[Event "Deutsche Ländermeisterschaft 2014"]
[Site "Hannover GER"]
[Date "2014.10.07"]
[Round "7"]
[White "ter Stal, Sven"]
[Black "Dathe, Frederick"]
[Result "1/2-1/2"]
[Termination "normal"]
[Board "3.7"]
[WhiteElo "1801"]
[BlackElo "1654"]
[WhiteClock "00:51:50"]
[BlackClock "00:06:59"]
[WhiteTeam "Niedersachsen 1"]
[BlackTeam "Berlin"]
[PlyCount "74"]
[WhiteFideId "12946443"]
[BlackFideId "12963070"]
[EventCountry "GER"]
[EventRounds "7"]
[EventType "team-swiss"]
[EventDate "2014.10.02"]

1. e4 {[%clk 1:30:58]} d6 {[%clk 1:30:26]} 2. f4 {[%clk 1:30:35]} g6 {[%clk
1:29:11]} 3. Nf3 {[%clk 1:30:43]} Bg7 {[%clk 1:28:07]} 4. Bc4 {[%clk 1:29:33]}
Nf6 {[%clk 1:27:04]} 5. d3 {[%clk 1:29:24]} O-O {[%clk 1:25:30]} 6. Nc3 {[%clk
1:29:22]} c5 {[%clk 1:19:45]} 7. O-O {[%clk 1:28:33]} Nc6 {[%clk 1:18:07]} 8.
Qe1 {[%clk 1:27:01]} a6 {[%clk 1:14:35]} 9. Qh4 {[%clk 1:25:30]} e6 {[%clk
1:06:25]} 10. f5 {[%clk 1:21:50]} Nd4 {[%clk 0:48:02]} 11. fxg6 {[%clk
1:14:31]} Nxf3+ {[%clk 0:45:57]} 12. Rxf3 {[%clk 1:14:23]} fxg6 {[%clk
0:44:48]} 13. Bg5 {[%clk 1:13:59]} b5 {[%clk 0:33:07]} 14. Bb3 {[%clk 1:13:14]}
c4 {[%clk 0:27:49]} 15. dxc4 {[%clk 1:12:08]} bxc4 {[%clk 0:28:09]} 16. Bxc4
{[%clk 1:11:55]} Qb6+ {[%clk 0:26:12]} 17. Qf2 {[%clk 1:11:38]} Qxf2+ {[%clk
0:24:37]} 18. Rxf2 {[%clk 1:11:50]} Ng4 {[%clk 0:20:58]} 19. Rxf8+ {[%clk
1:11:58]} Kxf8 {[%clk 0:20:53]} 20. Rf1+ {[%clk 1:12:01]} Kg8 {[%clk 0:20:05]}
21. Nd5 {[%clk 1:06:09]} Bd4+ {[%clk 0:18:40]} 22. Kh1 {[%clk 1:04:13]} Nf2+
{[%clk 0:19:00]} 23. Rxf2 {[%clk 1:04:07]} Bxf2 {[%clk 0:19:22]} 24. Nc7 {[%clk
1:03:27]} Ra7 {[%clk 0:17:03]} 25. Nxe6 {[%clk 1:03:28]} Bxe6 {[%clk 0:16:49]}
26. Bxe6+ {[%clk 1:03:56]} Kg7 {[%clk 0:17:02]} 27. g3 {[%clk 1:01:22]} Bd4
{[%clk 0:15:47]} 28. b3 {[%clk 1:01:26]} a5 {[%clk 0:15:32]} 29. a4 {[%clk
1:01:31]} Rc7 {[%clk 0:13:54]} 30. Bc4 {[%clk 1:01:44]} Rc8 {[%clk 0:13:52]}
31. Bf4 {[%clk 1:01:09]} Be5 {[%clk 0:13:41]} 32. Be3 {[%clk 0:59:40]} Kf6
{[%clk 0:13:33]} 33. Kg2 {[%clk 0:59:46]} g5 {[%clk 0:12:52]} 34. Bd2 {[%clk
0:57:03]} Rc5 {[%clk 0:11:23]} 35. Kf3 {[%clk 0:56:00]} Bd4 {[%clk 0:08:22]}
36. Be1 {[%clk 0:53:26]} h6 {[%clk 0:08:08]} 37. Bd2 {[%clk 0:51:50]} Kg7
{[%clk 0:06:59]} 1/2-1/2

[Event "Deutsche Ländermeisterschaft 2014"]
[Site "Hannover GER"]
[Date "2014.10.07"]
[Round "7"]
[White "Schnabel, Luise"]
[Black "Mönster, Madita"]
[Result "1/2-1/2"]
[Termination "normal"]
[Board "3.8"]
[WhiteElo "1369"]
[BlackElo "1599"]
[WhiteClock "00:58:25"]
[BlackClock "00:16:30"]
[WhiteTeam "Berlin"]
[BlackTeam "Niedersachsen 1"]
[PlyCount "59"]
[WhiteFideId "12943347"]
[BlackFideId "12947156"]
[EventCountry "GER"]
[EventRounds "7"]
[EventType "team-swiss"]
[EventDate "2014.10.02"]

1. e4 {[%clk 1:30:57]} c5 {[%clk 1:30:52]} 2. Nf3 {[%clk 1:31:10]} d6 {[%clk
1:31:10]} 3. d4 {[%clk 1:31:30]} cxd4 {[%clk 1:31:32]} 4. Nxd4 {[%clk 1:31:49]}
Nf6 {[%clk 1:31:48]} 5. Nc3 {[%clk 1:31:50]} Nc6 {[%clk 1:32:05]} 6. Be2 {[%clk
1:29:51]} e5 {[%clk 1:31:50]} 7. Ndb5 {[%clk 1:29:04]} a6 {[%clk 1:31:19]} 8.
Na3 {[%clk 1:25:53]} b5 {[%clk 1:30:04]} 9. Nd5 {[%clk 1:22:12]} Nxe4 {[%clk
1:16:57]} 10. Bf3 {[%clk 1:20:55]} Bf5 {[%clk 1:16:38]} 11. Qe2 {[%clk
1:17:26]} Nd4 {[%clk 1:16:11]} 12. Qd1 {[%clk 1:16:54]} Nxf3+ {[%clk 1:14:15]}
13. Qxf3 {[%clk 1:16:53]} Bg6 {[%clk 1:13:48]} 14. Be3 {[%clk 1:15:27]} Rb8
{[%clk 1:08:06]} 15. c3 {[%clk 1:14:10]} Be7 {[%clk 1:04:26]} 16. O-O {[%clk
1:13:32]} O-O {[%clk 1:02:36]} 17. Qe2 {[%clk 1:12:37]} Nf6 {[%clk 0:57:30]}
18. Nxe7+ {[%clk 1:11:52]} Qxe7 {[%clk 0:57:35]} 19. Nc2 {[%clk 1:11:47]} Nd5
{[%clk 0:55:33]} 20. Rad1 {[%clk 1:11:11]} Nxe3 {[%clk 0:53:58]} 21. Nxe3
{[%clk 1:11:00]} Qd7 {[%clk 0:46:29]} 22. Rd2 {[%clk 1:06:44]} Qc6 {[%clk
0:41:02]} 23. Nd5 {[%clk 1:04:38]} Rfe8 {[%clk 0:37:56]} 24. Rfd1 {[%clk
1:04:12]} Rbd8 {[%clk 0:35:31]} 25. Nb4 {[%clk 1:01:35]} Qb6 {[%clk 0:34:21]}
26. Nd5 {[%clk 1:01:09]} Qc5 {[%clk 0:32:56]} 27. Qe3 {[%clk 0:59:38]} Qxe3
{[%clk 0:20:41]} 28. Nxe3 {[%clk 0:59:23]} Bh5 {[%clk 0:18:45]} 29. g4 {[%clk
0:59:06]} Bg6 {[%clk 0:16:30]} 30. Rxd6 {[%clk 0:58:25]} 1/2-1/2

[Event "Deutsche Ländermeisterschaft 2014"]
[Site "Hannover GER"]
[Date "2014.10.07"]
[Round "7"]
[White "Krause, Benedict"]
[Black "Schröder, Jan-Christian"]
[Result "1/2-1/2"]
[Termination "normal"]
[Board "4.1"]
[BlackTitle "FM"]
[WhiteElo "2339"]
[BlackElo "2388"]
[WhiteClock "00:04:49"]
[BlackClock "00:04:40"]
[WhiteTeam "Schleswig-Holstein"]
[BlackTeam "Hessen 1"]
[PlyCount "134"]
[WhiteFideId "12917990"]
[BlackFideId "24662259"]
[EventCountry "GER"]
[EventRounds "7"]
[EventType "team-swiss"]
[EventDate "2014.10.02"]

1. e4 {[%clk 1:30:57]} d6 {[%clk 1:29:19]} 2. d4 {[%clk 1:31:18]} Nf6 {[%clk
1:29:46]} 3. Nc3 {[%clk 1:31:43]} e5 {[%clk 1:30:13]} 4. dxe5 {[%clk 1:32:05]}
dxe5 {[%clk 1:30:39]} 5. Qxd8+ {[%clk 1:32:29]} Kxd8 {[%clk 1:31:03]} 6. Bg5
{[%clk 1:32:55]} c6 {[%clk 1:30:53]} 7. O-O-O+ {[%clk 1:27:28]} Ke8 {[%clk
1:30:46]} 8. Nf3 {[%clk 1:20:44]} Nbd7 {[%clk 1:30:44]} 9. Bd3 {[%clk 1:12:51]}
Ng4 {[%clk 1:27:29]} 10. Rhf1 {[%clk 1:07:41]} Bc5 {[%clk 1:23:22]} 11. Bh4
{[%clk 1:03:57]} f6 {[%clk 1:22:34]} 12. Bg3 {[%clk 1:00:52]} a5 {[%clk
1:14:30]} 13. Nd2 {[%clk 0:51:17]} a4 {[%clk 1:14:02]} 14. Be2 {[%clk 0:45:55]}
Nh6 {[%clk 1:10:21]} 15. f4 {[%clk 0:37:59]} Nf7 {[%clk 1:03:45]} 16. a3 {[%clk
0:31:16]} exf4 {[%clk 0:55:42]} 17. Bxf4 {[%clk 0:31:00]} Nde5 {[%clk 0:55:53]}
18. Nf3 {[%clk 0:29:35]} Nxf3 {[%clk 0:55:30]} 19. Bxf3 {[%clk 0:28:14]} Ne5
{[%clk 0:53:18]} 20. h3 {[%clk 0:25:43]} h5 {[%clk 0:47:14]} 21. Ne2 {[%clk
0:24:10]} Be6 {[%clk 0:39:00]} 22. Nd4 {[%clk 0:21:32]} Bc4 {[%clk 0:38:31]}
23. Rfe1 {[%clk 0:20:06]} Rd8 {[%clk 0:38:09]} 24. Nf5 {[%clk 0:18:12]} g6
{[%clk 0:38:11]} 25. Rxd8+ {[%clk 0:13:13]} Kxd8 {[%clk 0:38:08]} 26. Rd1+
{[%clk 0:11:55]} Kc7 {[%clk 0:38:25]} 27. Be3 {[%clk 0:10:48]} Bxe3+ {[%clk
0:36:59]} 28. Nxe3 {[%clk 0:11:16]} Re8 {[%clk 0:34:22]} 29. Nxc4 {[%clk
0:06:59]} Nxc4 {[%clk 0:34:42]} 30. Rd4 {[%clk 0:07:24]} b5 {[%clk 0:31:08]}
31. b3 {[%clk 0:05:56]} Nb6 {[%clk 0:31:37]} 32. Kb2 {[%clk 0:05:09]} Re5
{[%clk 0:16:33]} 33. Rb4 {[%clk 0:03:39]} Rg5 {[%clk 0:11:52]} 34. Kb1 {[%clk
0:03:36]} axb3 {[%clk 0:08:23]} 35. cxb3 {[%clk 0:03:51]} Nd7 {[%clk 0:08:52]}
36. a4 {[%clk 0:02:42]} Ne5 {[%clk 0:05:52]} 37. axb5 {[%clk 0:02:36]} cxb5
{[%clk 0:06:20]} 38. h4 {[%clk 0:00:50]} Rg3 {[%clk 0:06:32]} 39. Rxb5 {[%clk
0:00:33]} Nxf3 {[%clk 0:06:38]} 40. gxf3 {[%clk 0:01:02]} Rxf3 {[%clk 0:06:50]}
41. Kc2 {[%clk 0:22:00]} Rf4 {[%clk 0:28:42]} 42. e5 {[%clk 0:17:50]} f5 {[%clk
0:26:35]} 43. Rc5+ {[%clk 0:10:39]} Kd7 {[%clk 0:26:57]} 44. Rc4 {[%clk
0:06:55]} Rg4 {[%clk 0:26:33]} 45. Kc3 {[%clk 0:05:16]} Ke6 {[%clk 0:20:39]}
46. b4 {[%clk 0:04:02]} Kxe5 {[%clk 0:17:22]} 47. b5 {[%clk 0:04:04]} Rg3+
{[%clk 0:13:16]} 48. Kb4 {[%clk 0:04:02]} Rg1 {[%clk 0:13:45]} 49. b6 {[%clk
0:02:33]} Rb1+ {[%clk 0:12:08]} 50. Kc5 {[%clk 0:03:00]} f4 {[%clk 0:12:27]}
51. Rb4 {[%clk 0:02:34]} Rc1+ {[%clk 0:10:20]} 52. Kb5 {[%clk 0:01:39]} Rc8
{[%clk 0:08:27]} 53. b7 {[%clk 0:02:00]} Rb8 {[%clk 0:08:27]} 54. Kc6 {[%clk
0:02:26]} f3 {[%clk 0:06:31]} 55. Kc7 {[%clk 0:02:25]} f2 {[%clk 0:05:02]} 56.
Rb1 {[%clk 0:02:51]} Rxb7+ {[%clk 0:03:16]} 57. Kxb7 {[%clk 0:03:16]} Kf4
{[%clk 0:02:43]} 58. Kc6 {[%clk 0:03:40]} g5 {[%clk 0:01:29]} 59. hxg5 {[%clk
0:03:33]} Kxg5 {[%clk 0:01:58]} 60. Rf1 {[%clk 0:02:59]} h4 {[%clk 0:02:03]}
61. Rxf2 {[%clk 0:03:24]} h3 {[%clk 0:02:20]} 62. Kd5 {[%clk 0:03:22]} Kg4
{[%clk 0:02:42]} 63. Ke4 {[%clk 0:03:28]} Kg3 {[%clk 0:03:04]} 64. Rf8 {[%clk
0:03:45]} h2 {[%clk 0:03:24]} 65. Rg8+ {[%clk 0:04:02]} Kf2 {[%clk 0:03:49]}
66. Rh8 {[%clk 0:04:25]} Kg2 {[%clk 0:04:15]} 67. Rxh2+ {[%clk 0:04:49]} Kxh2
{[%clk 0:04:40]} 1/2-1/2